Online
Catalog

Alma adentro / (Record no. 58517)

MARC details
000 -CABECERA
campo de control de longitud fija 02198nam a2200277 i 4500
003 - IDENTIFICADOR DEL NÚMERO DE CONTROL
campo de control DO-SdBNP
005 - FECHA Y HORA DE LA ÚLTIMA TRANSACCIÓN
campo de control 20250528102319.0
007 - CAMPO FIJO DE DESCRIPCIÓN FÍSICA--INFORMACIÓN GENERAL
campo de control de longitud fija ta
008 - DATOS DE LONGITUD FIJA--INFORMACIÓN GENERAL
campo de control de longitud fija 250528b2024 dr ||||| |||| 00| 0 spa d
020 ## - NÚMERO INTERNACIONAL ESTÁNDAR DEL LIBRO
Número Internacional Estándar del Libro 9789945639391
040 ## - FUENTE DE LA CATALOGACIÓN
Centro catalogador/agencia de origen DO-SdBNP
Lengua de catalogación spa
Centro/agencia transcriptor BNPHU
Normas de descripción rda
041 ## - CÓDIGO DE LENGUA
Código de lengua del texto/banda sonora o título independiente spa
082 #4 - NÚMERO DE LA CLASIFICACIÓN DECIMAL DEWEY
Número de clasificación xxx
Número de documento/Ítem M385a 2024
Número de edición 22
100 1# - ENTRADA PRINCIPAL--NOMBRE DE PERSONA
Fechas asociadas al nombre 1917-1976
Nombre de persona Martínez Bonilla, Carmen Natalia,
Término indicativo de función/relación autor
Código de función/relación aut.
9 (RLIN) 87898
245 10 - MENCIÓN DE TÍTULO
Título Alma adentro /
Mención de responsabilidad, etc. Carmen Natalia ; prólogo de Miguel D. Mena ; dirección general por Nurys del Carmen González ; dirección editorial por Miguelina Crespo ; consultora editorial Emilia Pereyra ; línea gráfica Ana Zadya Gerardino ; diseño de interiores y portada Julissa Ivor Medina ; diagramación Daniel Bisonó ; corrección por Vivian Jiménez
264 #4 - PRODUCCIÓN, PUBLICACIÓN, DISTRIBUCIÓN, FABRICACIÓN Y COPYRIGHT
Producción, publicación, distribución, fabricación y copyright Santo Domingo :
Nombre del de productor, editor, distribuidor, fabricante Instituto Superior de Formación Docente Salomé Ureña (ISFODOSU),
Fecha de producción, publicación, distribución, fabricación o copyright ©2024.
300 ## - DESCRIPCIÓN FÍSICA
Extensión 102 páginas :
Dimensiones 23 cm.
490 0# - MENCIÓN DE SERIE
Mención de serie Colección clásicos Dominicanos
490 0# - MENCIÓN DE SERIE
Mención de serie Serie III. Poesía
500 ## - NOTA GENERAL
Nota general Incluye datos biográficos de la autora en la paginas 101-102
505 ## - NOTA DE CONTENIDO CON FORMATO
Nota de contenido con formato Presentación 9 -- Prólogo 11 -- El país de las hadas: Caperucita Roja 21 -- Caperucita Azul 23 -- Dulce Blanca Nieves 24 -- Plegaria 25 -- La Bella Durmiente 27 -- El Patito Feo 29 -- La hora azul: Mañanita clara 35 --- La siembra 37 -- Resurrección 39 -- Nochebuena 41 -- La mano que da 42 -- Mi risa 43 -- Invencible 45 -- Haz que florezcan mis manos 47 -- Tu palabra 49 -- La hora gris: No digas a nadie 55 -- Martirio 56 -- El ensueño roto 58 -- Deja que descanse 59 -- Corazón 61 -- Hoy soy ave cansada 62 -- Revelación 64 -- De regreso 65 -- Mi dolor en tus ojo 67 -- La dicha 68 -- La suprema ley 69 -- Quiero hallar el misterio 71 -- Persuasión 72 -- Las inciertas palabras 74 -- Pobre corazón mío 76 -- ¿Por qué? 77 -- Angustia 79 -- Girones de cielo: Aleluya 83 -- Mírame 85 -- Abuelo 87 -- Ojitos 89 -- El divino milagro 91 -- Fantasía 94 -- Arrullo 96 -- El sublime temor 97 -- Por el niño 99 -- Biografía de Carmen Natalia Martínez Bonilla 101
590 ## - NOTA LOCAL (RLIN)
Nota local Inventariado, 2025 /LP
700 1# - PUNTO DE ACCESO ADICIONAL--NOMBRE DE PERSONA
Nombre de persona Mena, Miguel D.
Término indicativo de función/relación prologuista
Código de función/relación pr.
9 (RLIN) 29501
910 ## - DATOS DE OPCIÓN DEL USUARIO (OCLC)
Datos de opción del usuario LP
942 ## - ELEMENTOS DE PUNTO DE ACCESO ADICIONAL (KOHA)
Fuente del sistema de clasificación o colocación Dewey Decimal Classification
Tipo de ítem Koha Libro
Holdings
Estado de retiro Estado de pérdida Fuente del sistema de clasificación o colocación Restricciones de uso No para préstamo Código de colección Localización permanente Ubicación/localización actual Ubicación en estantería Fecha de adquisición Fuente de adquisición Total de préstamos Signatura topográfica completa Código de barras Fecha visto por última vez Precio válido a partir de Tipo de ítem Koha Número de copia
    Dewey Decimal Classification Excluido de préstamo   Patrimonio Dominicano Biblioteca Nacional Pedro Henríquez Ureña Biblioteca Nacional Pedro Henríquez Ureña Depósito 05.02.2025 Depósito Legal   xxx M385a 2024 2025-2230 21.03.2025 21.03.2025 Libro  
    Dewey Decimal Classification Excluido de préstamo   Patrimonio Dominicano Biblioteca Nacional Pedro Henríquez Ureña Biblioteca Nacional Pedro Henríquez Ureña Depósito 05.02.2025 Depósito Legal   xxx M385a 2024 2025-2231 21.03.2025 21.03.2025 Libro e.2
    Dewey Decimal Classification Préstamo en sala   Dominicana de Servicio Biblioteca Nacional Pedro Henríquez Ureña Biblioteca Nacional Pedro Henríquez Ureña Depósito 05.02.2025 Depósito Legal   xxx M385a 2024 2025-2232 21.03.2025 21.03.2025 Libro e.3

Powered by Koha